000
00338 a2200157 4500
001
13069
020
_a
978846681040
040
_c
Anchieta - Aquarius
100
_a
Foley, Jonh
240
1
0
_a
Smellybear
_l
por
245
1
0
_a
Smellybear
300
_a
24
362
0
_a
2009
650
4
_a
Literatura infanto-juvenil em inglês
942
_c
BK
999
_c
13069
_d
13069